Le monde qui est le mien - Hercule (paroles) - Statistiques

Statistiques générales
  • Ce quiz a été pris 74 fois
  • Le résultat moyen est 106 sur 132
Statistiques - réponses
Réponse % Correct
Ce
98%
ce
98%
de
98%
le
98%
Le
98%
à
96%
des
96%
J'ai
96%
ma
96%
mon
96%
pour
96%
rêvé
96%
rêve
96%
au
94%
Au
94%
du
94%
d'un
94%
en
94%
es
94%
loin
94%
monde
94%
ou
94%
qui
94%
souvent
94%
est
92%
Et
92%
et
92%
les
92%
amis
90%
cette
90%
gens
90%
Je
90%
je
90%
pays
90%
plus
90%
precieux
90%
Tu
90%
chemin
88%
comme
88%
lointain
88%
mien
88%
moi
88%
88%
vers
88%
vie
88%
chantent
86%
destin
86%
encore
86%
l'infini
86%
m'aimeraient
86%
voix
86%
auquel
84%
bien
84%
cherche
84%
leur
84%
tous
84%
d'enfance
82%
j'appartiens
82%
lendemains
82%
prends
82%
que
80%
vain
80%
glorieux
78%
joie
78%
montent
78%
coeur
76%
idéal
76%
Parmi
74%
échos
72%
etoiles
72%
la
72%
enfin
70%
m'emmène
70%
chance
68%
d'autres
68%
Milles
68%
destins
66%
un
66%
C'est
62%
découvre
62%
qu'en
60%
Afin
58%
beau
58%
matin
58%
saisir
58%
bout
54%
héros
42%
distance
38%
fort
36%
m'attend
36%
tiendrai
36%
fier
34%
récompense
34%
sera
34%
mort
32%
braverai
30%
Reprise Quelque
30%
hardi
28%
soit
28%
demain
26%
sort
26%
Aucun quiz correspondant
Distribution des résultats
% des personnes avec chaque résultat
Percentile par nombre de réponses
Votre historique - résultats
Vous n’avez pas pris ce quiz